Gaming Quiz

Random Gaming or Card Games Quiz

MGM Grand Table Games Quiz Stats

 Plays Quiz Updated Jul 11, 2019

Score 0/10 Timer 03:00
0 Plays Today
% Correct
Blackjack
98.2%
Roulette
85.3%
Craps
82.8%
Crazy “4” Poker/Texas Hold'em Poker
64.2%
Three-Card Poker
28.5%
Baccarat
27.8%
Pai Gow (Tiles)
23.8%
Pai Gow (Poker)
22.5%
Casino War
16.2%
Let It Ride Poker
15%

You're not logged in!

Compare scores with friends on all Sporcle quizzes.
OR
Log In

Sporcle TV

Today on Sporcle TV


Watch our educational content, quiz creation guides, and fun videos on Sporcle TV.

Show Comments

Extras

Top Quizzes Today


Score Distribution

Your Account Isn't Verified!

In order to create a playlist on Sporcle, you need to verify the email address you used during registration. Go to your Sporcle Settings to finish the process.

Report this User

Report this user for behavior that violates our Community Guidelines.

Details: